Přechod od diktatury ke svobodě: systémové reformy a ekonomické procesy.
V polovici apríla 1990 sa v Dubrovníku uskutočnil seminár pod záštitou Sörosovej nadácie. Hlavná pozornosť rokovania bola zameraná na problémy privatizácie, stabilizácie ekonomík, inflácie ako dôsledku liberalizácie cien, zadlženosti a na problémy monopolných trhových štruktúr. Výťah z prednášky M....
Saved in:
| Main Author: | |
|---|---|
| Format: | Book Chapter |
| Language: | Czech |
| Subjects: | |
| Tags: |
No Tags, Be the first to tag this record!
|
MARC
| LEADER | 00000naa a2200000 4500 | ||
|---|---|---|---|
| 001 | r001302 | ||
| 005 | 20230221123132.3 | ||
| 041 | 0 | |a cze | |
| 044 | |a [CS] | ||
| 245 | 1 | 0 | |a Přechod od diktatury ke svobodě: systémové reformy a ekonomické procesy. |c Jiří Jonáš |
| 520 | |a V polovici apríla 1990 sa v Dubrovníku uskutočnil seminár pod záštitou Sörosovej nadácie. Hlavná pozornosť rokovania bola zameraná na problémy privatizácie, stabilizácie ekonomík, inflácie ako dôsledku liberalizácie cien, zadlženosti a na problémy monopolných trhových štruktúr. Výťah z prednášky M. Bruna (Izrael) a A. Bajta (SFRJ). | ||
| 610 | 2 | 0 | |a reformy hospodárske |
| 610 | 2 | 0 | |a privatizácia |
| 610 | 2 | 0 | |a inflácia |
| 610 | 2 | 0 | |a liberalizácia |
| 610 | 2 | 0 | |a ceny |
| 610 | 2 | 0 | |a zadlženosť zahraničná |
| 610 | 2 | 0 | |a Bruno, M. |
| 610 | 2 | 0 | |a Bajt, A. |
| 610 | 2 | 0 | |a semináre |
| 610 | 2 | 0 | |a Dubrovník |
| 610 | 2 | 0 | |a 1990 |
| 100 | 1 | |a Jonáš, Jiří | |